[Event "Athens ChessSquare Autumn op"]
[Site "Athens"]
[Date "2017.09.23"]
[Round "2"]
[White "Papahristoudis, Anastasios"]
[Black "Nikolopoulos, Athanasios"]
[Result "0-1"]
[WhiteElo "2097"]
[BlackElo "1702"]
[PlyCount "70"]
[EventDate "2017.09.16"]
[EventType "swiss"]
[EventRounds "7"]
[EventCountry "GRE"]
[SourceTitle "EXT 2024"]
[Source "ChessBase"]
[SourceDate "2023.10.10"]
[SourceVersion "1"]
[SourceVersionDate "2023.10.10"]
[SourceQuality "1"]

1. d4 d5 2. Nf3 e6 3. c4 c6 4. g3 Nf6 5. Bg2 Bd6 6. 0-0 0-0 7. Nfd2 Re8 8. Nc3 Nbd7 9. e4 dxe4 10. Ndxe4 Nxe4 11. Nxe4 Be7 12. Bf4 Nf6 13. Nc3 Bd6 14. Be3 Qd7 15. Qa4 a6 16. c5 Bc7 17. Rad1 Nd5 18. Qc2 Qe7 19. Bc1 Rd8 20. Ne4 f6 21. Rfe1 Qf7 22. Nc3 Bd7 23. Re2 Nxc3 24. Qxc3 Re8 25. Qc2 Rad8 26. Qe4 Bc8 27. Red2 Qg6 28. Qh4 h6 29. Be4 Qg5 30. Qxg5 hxg5 31. Bg6 Re7 32. b4 Bd7 33. Re2 Be8 34. Bc2 Bf7 35. Bb3 e5 0-1

[Event "Athens Georgiou Memorial 3rd"]
[Site "Athens"]
[Date "2017.04.01"]
[Round "4"]
[White "Papahristoudis, Anastasios"]
[Black "Drakoulakos, Grigorios"]
[Result "0-1"]
[WhiteElo "2042"]
[BlackElo "2180"]
[PlyCount "80"]
[EventDate "2017.03.11"]
[EventType "swiss"]
[EventRounds "7"]
[EventCountry "GRE"]
[SourceTitle "EXT 2024"]
[Source "ChessBase"]
[SourceDate "2023.10.10"]
[SourceVersion "1"]
[SourceVersionDate "2023.10.10"]
[SourceQuality "1"]

1. d4 Nf6 2. c4 g6 3. Nf3 Bg7 4. g3 0-0 5. Bg2 d6 6. 0-0 Nbd7 7. Nc3 e5 8. e4 c6 9. h3 Qb6 10. c5 dxc5 11. dxe5 Ne8 12. Na4 Qa6 13. Qc2 b6 14. Bf4 Nc7 15. Rfd1 Ne6 16. Rd6 Qb7 17. Rad1 Re8 18. b3 Qc7 19. Qd2 Ndf8 20. Bh6 Bh8 21. Nc3 Nd4 22. Nxd4 cxd4 23. Rxd4 Ne6 24. Rd3 Qxe5 25. f4 Qc5+ 26. Kh2 Ba6 27. Na4 Qh5 28. f5 Bxd3 29. g4 Be5+ 30. Kg1 Qh4 31. fxe6 Bb5 32. exf7+ Kxf7 33. Bg5 Qg3 34. Qf2+ Qxf2+ 35. Kxf2 Ke6 36. Ke3 Rf8 37. h4 Rf7 38. h5 c5 39. Rd2 Raf8 40. Nb2 Bd4+ 0-1

[Event "Athens Siaperas Memorial 13th"]
[Site "Athens"]
[Date "2017.03.04"]
[Round "7"]
[White "Papahristoudis, Anastasios"]
[Black "Delithanasis, Dimitrios"]
[Result "1-0"]
[WhiteElo "2042"]
[BlackElo "1971"]
[PlyCount "73"]
[EventDate "2017.02.04"]
[EventType "swiss"]
[EventRounds "7"]
[EventCountry "GRE"]
[SourceTitle "EXT 2024"]
[Source "ChessBase"]
[SourceDate "2023.10.10"]
[SourceVersion "1"]
[SourceVersionDate "2023.10.10"]
[SourceQuality "1"]

1. d4 e6 2. c4 c5 3. d5 Nf6 4. Nc3 g6 5. e4 d6 6. Nf3 Bg7 7. Bd3 0-0 8. h3 a6 9. 0-0 e5 10. a3 Nh5 11. b4 Nd7 12. Be3 Nf4 13. bxc5 Nxc5 14. Bxc5 dxc5 15. Ne2 Nxd3 16. Qxd3 Bd7 17. a4 f5 18. Nc3 f4 19. Rfb1 Rb8 20. a5 g5 21. Na4 Qe7 22. d6 Qf6 23. Rxb7 Rxb7 24. Qd5+ Rf7 25. Qxb7 Bxh3 26. Qa8+ Rf8 27. Qxa6 g4 28. Nh2 g3 29. gxh3 gxh2+ 30. Kxh2 Rd8 31. Nxc5 Rxd6 32. Qc8+ Rd8 33. Qe6+ Qf7 34. a6 Ra8 35. a7 Bf8 36. Qxf7+ Kxf7 37. Nd7 1-0

[Event "Nikaia op 24th"]
[Site "Nikaia"]
[Date "2016.08.28"]
[Round "4"]
[White "Papahristoudis, Anastasios"]
[Black "Kotronias, Vasilios"]
[Result "0-1"]
[WhiteElo "1986"]
[BlackElo "2534"]
[PlyCount "66"]
[EventDate "2016.08.25"]
[EventType "swiss"]
[EventRounds "9"]
[EventCountry "GRE"]
[SourceTitle "CBM 174 Extra"]
[Source "ChessBase"]
[SourceDate "2016.10.10"]
[SourceVersion "1"]
[SourceVersionDate "2016.10.10"]
[SourceQuality "1"]

1. c4 Nf6 2. Nc3 d6 3. g3 e5 4. Bg2 Be7 5. Nf3 0-0 6. 0-0 Nbd7 7. d4 c6 8. Qc2 Re8 9. Rd1 Qc7 10. b3 Bf8 11. Ba3 e4 12. Ne1 e3 13. f3 h5 14. Qd3 h4 15. Bc1 hxg3 16. hxg3 d5 17. Bxe3 dxc4 18. bxc4 Qxg3 19. Bf2 Qg5 20. Qd2 Qh5 21. Nd3 Bd6 22. e4 Bh2+ 23. Kf1 Nb6 24. c5 Nc4 25. Qc2 Bh3 26. Ne1 Bxg2+ 27. Kxg2 Re6 28. Ne2 Nxe4 29. fxe4 Rg6+ 30. Ng3 Bxg3 31. Nf3 Bf4+ 32. Kf1 Qxf3 33. Qxc4 Rh6 0-1

[Event "Ambelokipi op 156th"]
[Site "Athens"]
[Date "2015.11.25"]
[Round "3"]
[White "Papahristoudis, Anastasios"]
[Black "Kanellopoulos, Georgios G"]
[Result "0-1"]
[WhiteElo "2115"]
[BlackElo "1699"]
[PlyCount "88"]
[EventDate "2015.11.11"]
[EventType "swiss"]
[EventRounds "7"]
[EventCountry "GRE"]
[SourceTitle "EXT 2024"]
[Source "ChessBase"]
[SourceDate "2023.10.10"]
[SourceVersion "1"]
[SourceVersionDate "2023.10.10"]
[SourceQuality "1"]

1. d4 Nf6 2. c4 e6 3. Nc3 d5 4. Nf3 a6 5. cxd5 exd5 6. Qc2 h6 7. Bf4 Bd6 8. e3 Bxf4 9. exf4 Nc6 10. 0-0-0 0-0 11. Ne5 Nb4 12. Qb3 Qd6 13. a3 Nc6 14. Be2 b5 15. Bf3 Rd8 16. Nxd5 Nxd5 17. Bxd5 Qxd5 18. Qxd5 Rxd5 19. Nxc6 Kf8 20. Rhe1 Bb7 21. Na5 Bc8 22. Re5 Be6 23. Nc6 a5 24. f3 Ra6 25. Rxd5 Bxd5 26. Ne5 b4 27. Nd7+ Ke7 28. Nc5 Rg6 29. Rd2 Kd6 30. axb4 axb4 31. Kc2 Kc6 32. Kd3 Kb5 33. Ke3 Rd6 34. Rd1 Rb6 35. Ra1 Rb8 36. f5 Ra8 37. Rxa8 Bxa8 38. b3 Bd5 39. Kf4 Bxb3 40. Nxb3 Kc4 41. Na5+ Kxd4 42. Nc6+ Kc3 43. Ke5 b3 44. Na5 b2 0-1

[Event "Athens op 03-A"]
[Site "Athens"]
[Date "2012.04.03"]
[Round "5"]
[White "Papasimakopoulos, Alexandros"]
[Black "Papahristoudis, Anastasios"]
[Result "1/2-1/2"]
[WhiteElo "2019"]
[BlackElo "2105"]
[PlyCount "111"]
[EventDate "2012.03.06"]
[EventType "swiss"]
[EventRounds "7"]
[EventCountry "GRE"]
[SourceTitle "EXT 2014"]
[Source "ChessBase"]
[SourceDate "2013.11.20"]
[SourceVersion "1"]
[SourceVersionDate "2013.11.20"]
[SourceQuality "1"]

1. d4 Nf6 2. c4 e6 3. Nc3 Bb4 4. Qc2 0-0 5. a3 Bxc3+ 6. Qxc3 d5 7. Bg5 dxc4 8. Qxc4 b6 9. Nf3 Ba6 10. Qa4 Qd7 11. Qxd7 Nbxd7 12. Bxf6 Nxf6 13. e3 Bxf1 14. Rxf1 c5 15. Ke2 Rac8 16. Rac1 Rc7 17. dxc5 Rfc8 18. b4 bxc5 19. b5 Rb7 20. a4 a6 21. Rfd1 Kf8 22. bxa6 Ra7 23. Rd6 Nd5 24. Ne5 f6 25. Nc4 Ke7 26. a5 Nb4 27. Rb1 Rd8 28. Rxd8 Kxd8 29. Rd1+ Ke7 30. Nb6 Rxa6 31. Rd7+ Kf8 32. Rd8+ Ke7 33. Rd7+ Kf8 34. Nc4 Nc6 35. Rd6 Ke7 36. Kd1 Nb4 37. Rxa6 Nxa6 38. Kc2 Kd7 39. Kb3 Kc6 40. Na3 Nc7 41. Kc4 Na6 42. Nb5 Nb4 43. Na7+ Kb7 44. Nb5 Kc6 45. h4 h5 46. e4 Na6 47. f4 Nb4 48. g3 Na6 49. f5 exf5 50. exf5 Nb8 51. Nc3 Nd7 52. Ne2 Ne5+ 53. Kc3 Nf7 54. Nf4 Nd6 55. Nxh5 Nxf5 56. Kc4 1/2-1/2

[Event "Athens Smaok op 5th"]
[Site "Athens"]
[Date "2010.04.27"]
[Round "6.9"]
[White "Konstantopoulos, Dimitrios"]
[Black "Papahristoudis, Anastasios"]
[Result "0-1"]
[WhiteElo "1913"]
[BlackElo "2094"]
[PlyCount "70"]
[EventDate "2010.03.16"]
[EventType "swiss"]
[EventRounds "7"]
[EventCountry "GRE"]
[SourceTitle "EXT 2024"]
[Source "ChessBase"]
[SourceDate "2023.10.10"]
[SourceVersion "1"]
[SourceVersionDate "2023.10.10"]
[SourceQuality "1"]

1. e4 Nf6 2. e5 Nd5 3. d4 d6 4. Nf3 dxe5 5. Nxe5 c6 6. Bc4 Bf5 7. 0-0 Nd7 8. Ng4 e6 9. Re1 Bd6 10. Ne3 Nxe3 11. Bxe3 Qc7 12. h3 0-0 13. Nc3 a6 14. Bd3 Bxd3 15. Qxd3 Bb4 16. a3 Be7 17. Ne4 Rad8 18. Ng5 Nf6 19. c3 c5 20. Qe2 Nd5 21. dxc5 Nxe3 22. Qxe3 Bxc5 23. Qe4 g6 24. Qh4 h5 25. Nf3 Rd5 26. Qe4 Rfd8 27. b4 Ba7 28. c4 Rd3 29. c5 Bb8 30. a4 Qe7 31. Rec1 R3d5 32. Qc4 Qf6 33. c6 bxc6 34. Qxa6 c5 35. b5 Qxa1 0-1

[Event "Athens Smaok op 5th"]
[Site "Athens"]
[Date "2010.03.23"]
[Round "2"]
[White "Zygouris, Hristos"]
[Black "Papahristoudis, Anastasios"]
[Result "1-0"]
[WhiteElo "2243"]
[BlackElo "2094"]
[PlyCount "59"]
[EventDate "2010.03.16"]
[EventType "swiss"]
[EventRounds "7"]
[EventCountry "GRE"]
[SourceTitle "EXT 2011"]
[Source "ChessBase"]
[SourceDate "2010.11.26"]
[SourceVersion "1"]
[SourceVersionDate "2010.11.26"]
[SourceQuality "1"]

1. e4 e5 2. Nf3 Nc6 3. d4 exd4 4. Nxd4 Bc5 5. Nxc6 Qf6 6. Qf3 Qxf3 7. gxf3 dxc6 8. h4 Be6 9. Be3 Bxe3 10. fxe3 0-0-0 11. Nc3 Ne7 12. h5 h6 13. Ne2 Kb8 14. Nf4 Bc8 15. Rg1 g5 16. hxg6 fxg6 17. Bc4 g5 18. Nh5 Rhf8 19. f4 Ng6 20. Bd3 Nh4 21. Ke2 Rde8 22. Raf1 c5 23. b3 Ng6 24. e5 Bf5 25. Bxf5 Rxf5 26. Ng7 Rff8 27. Nxe8 Rxe8 28. fxg5 hxg5 29. Rxg5 Ne7 30. Rf7 1-0

[Event "Aegean op 32nd"]
[Site "Aghios Kirykos"]
[Date "2009.07.18"]
[Round "8"]
[White "Papahristoudis, Anastasios"]
[Black "Klip, Hans"]
[Result "0-1"]
[WhiteElo "2066"]
[BlackElo "2351"]
[PlyCount "56"]
[EventDate "2009.07.11"]
[EventType "swiss"]
[EventRounds "9"]
[EventCountry "GRE"]
[SourceTitle "CBM 131 Extra"]
[Source "ChessBase"]
[SourceDate "2009.09.03"]
[SourceVersion "2"]
[SourceVersionDate "2009.09.16"]
[SourceQuality "1"]

1. d4 f5 2. g3 g6 3. Bg2 Nf6 4. c4 Bg7 5. Nc3 d6 6. Nf3 0-0 7. 0-0 c6 8. Qc2 Qc7 9. b3 e5 10. dxe5 dxe5 11. e4 f4 12. Bb2 Nh5 13. c5 Bg4 14. h3 Bxf3 15. Bxf3 fxg3 16. Bxh5 gxf2+ 17. Rxf2 Rxf2 18. Qxf2 gxh5 19. Ne2 Na6 20. a3 Rf8 21. Qe3 Qf7 22. Kg2 Nxc5 23. Ng3 Qxb3 24. Qxb3+ Nxb3 25. Rd1 h4 26. Nf5 Nd4 27. Bxd4 exd4 28. Nxd4 Rd8 0-1

[Event "Athens Smaok Winter"]
[Site "Athens"]
[Date "2008.11.21"]
[Round "1.4"]
[White "Papahristoudis, Anastasios"]
[Black "Tsibliaris Kagiaras, Nikolaos"]
[Result "1-0"]
[WhiteElo "2066"]
[BlackElo "1585"]
[PlyCount "83"]
[EventDate "2008.11.21"]
[EventType "swiss (rapid)"]
[EventRounds "7"]
[EventCountry "GRE"]
[SourceTitle "EXT 2024"]
[Source "ChessBase"]
[SourceDate "2023.10.10"]
[SourceVersion "1"]
[SourceVersionDate "2023.10.10"]
[SourceQuality "1"]

1. e4 e6 2. d4 d5 3. e5 c5 4. c3 Nc6 5. Nf3 Qb6 6. a3 a5 7. Be2 Bd7 8. 0-0 cxd4 9. cxd4 Nge7 10. Nc3 Nf5 11. Na4 Qa7 12. Be3 Be7 13. Rc1 0-0 14. Nc5 Rfd8 15. Bd3 Rac8 16. Bxf5 exf5 17. Bg5 Bxg5 18. Nxg5 h6 19. Nf3 Be6 20. Qd2 Rc7 21. b4 axb4 22. axb4 Rdc8 23. Ra1 Qb6 24. Rfb1 Qb5 25. Ne1 b6 26. Na4 g5 27. Nc3 Qc4 28. Ne2 f4 29. b5 Na5 30. Ra3 Rb7 31. h4 Qc7 32. hxg5 hxg5 33. Qd1 Nc4 34. Rc3 Ra7 35. g3 Bf5 36. Rbc1 Qe7 37. gxf4 gxf4 38. Nxf4 Qg5+ 39. Rg3 Qxg3+ 40. fxg3 Kg7 41. Qh5 Be4 42. Qg4+ 1-0

[Event "Ambelokipi op 87th"]
[Site "Athens"]
[Date "2008.05.28"]
[Round "6"]
[White "Papahristoudis, Anastasios"]
[Black "Sideris, Theodoros"]
[Result "1-0"]
[WhiteElo "2070"]
[BlackElo "2013"]
[PlyCount "89"]
[EventDate "2008.05.10"]
[EventType "swiss"]
[EventRounds "7"]
[EventCountry "GRE"]
[SourceTitle "EXT 2010"]
[Source "ChessBase"]
[SourceDate "2010.11.25"]
[SourceVersion "1"]
[SourceVersionDate "2010.11.25"]
[SourceQuality "1"]

1. e4 c5 2. Nf3 Nc6 3. d4 cxd4 4. Nxd4 g6 5. c4 Nf6 6. Nc3 Nxd4 7. Qxd4 d6 8. Be3 Bg7 9. Be2 0-0 10. Qd2 Be6 11. Rc1 Rc8 12. b3 Nd7 13. 0-0 Nc5 14. f3 a5 15. Nb5 Bd7 16. Nd4 Bc6 17. Rb1 e5 18. Nc2 f5 19. exf5 gxf5 20. Rbd1 f4 21. Bxc5 dxc5 22. Bd3 Qg5 23. Qe2 e4 24. Bxe4 Rce8 25. Qd3 Bxe4 26. fxe4 Rd8 27. Qf3 Rxd1 28. Rxd1 Qe5 29. Ne1 Qb2 30. Nd3 Bd4+ 31. Kh1 Qc3 32. Qg4+ Kh8 33. Nxf4 Rg8 34. Qe2 Rf8 35. g3 a4 36. Qd3 Qb2 37. Qd2 a3 38. Kg2 Be3 39. Qxb2+ axb2 40. Rb1 Bd4 41. Kf3 Kg7 42. Ke2 Kf6 43. Kd3 Ke5 44. Rf1 h5 45. Ng6+ 1-0

[Event "Aegean op 30th"]
[Site "Aghios Kirykos"]
[Date "2007.07.13"]
[Round "8"]
[White "Hadzimanolis, Antonios"]
[Black "Papahristoudis, Anastasios"]
[Result "1-0"]
[WhiteElo "2301"]
[BlackElo "2084"]
[PlyCount "47"]
[EventDate "2007.07.07"]
[EventType "swiss"]
[EventRounds "9"]
[EventCountry "GRE"]
[SourceTitle "EXT 2024"]
[Source "ChessBase"]
[SourceDate "2023.10.10"]
[SourceVersion "1"]
[SourceVersionDate "2023.10.10"]
[SourceQuality "1"]

1. e4 e5 2. Nf3 Nc6 3. Bb5 a6 4. Ba4 Nf6 5. 0-0 Be7 6. Re1 b5 7. Bb3 d6 8. a4 Bg4 9. c3 0-0 10. d3 Qd7 11. Nbd2 Rfb8 12. h3 Bxf3 13. Nxf3 Na5 14. Bc2 b4 15. d4 bxc3 16. bxc3 exd4 17. e5 Ne8 18. cxd4 Nc6 19. e6 fxe6 20. d5 exd5 21. Qxd5+ Kh8 22. Bf5 Nb4 23. Qf7 Qc6 24. Rxe7 1-0

[Event "Ambelokipi op 77th"]
[Site "Athens"]
[Date "2007.04.21"]
[Round "3"]
[White "Kiriazis, Dimitrios"]
[Black "Papahristoudis, Anastasios"]
[Result "0-1"]
[WhiteElo "1903"]
[BlackElo "2111"]
[PlyCount "56"]
[EventDate "2007.04.14"]
[EventType "swiss"]
[EventRounds "7"]
[EventCountry "GRE"]
[SourceTitle "EXT 2008"]
[Source "ChessBase"]
[SourceDate "2007.11.25"]
[SourceVersion "1"]
[SourceVersionDate "2007.11.25"]
[SourceQuality "1"]

1. e4 d5 2. exd5 Qxd5 3. Nc3 Qd6 4. d4 Nf6 5. Bc4 a6 6. Bb3 b5 7. a3 Bb7 8. f3 e6 9. Nge2 Be7 10. 0-0 0-0 11. Bf4 Qb6 12. Kh1 Nc6 13. Qe1 Nxd4 14. Nxd4 Qxd4 15. Bxc7 Qd7 16. Be5 Rfd8 17. Rd1 Qc6 18. Qg3 Qc5 19. h3 Ne8 20. Rfe1 Bd6 21. Bxd6 Nxd6 22. Re5 Qb6 23. Rde1 Nf5 24. Qg4 Qf2 25. Kh2 Rd2 26. Nb1 Bxf3 27. Qxf3 Qxf3 28. Nxd2 Qf4+ 0-1